| 000 | 00763nam0a22002531 4500 | ||
|---|---|---|---|
| 001 | rc\354121 | ||
| 005 | 20250621042925.0 | ||
| 035 | _a(NLR Aleph) 005573818 | ||
| 090 |
_a6039975 _c6039975 |
||
| 100 | _a20030307d1989 |||y0rusy50 ca | ||
| 101 | 0 | _arus | |
| 102 | _aRU | ||
| 105 | _aa ||||||||| | ||
| 200 | 1 |
_aПроблемы теории стилистики _dProblems of stylistic theory |
|
| 210 |
_aТбилиси _cИзд-во Тбил. ун-та _d1989 |
||
| 215 |
_a218, [1] с. _cил. _d20 |
||
| 300 | _aРез.: англ. | ||
| 510 | 0 | _aProblems of stylistic theory | |
| 700 | 1 |
_aНатадзе _bМ.Р. _gМайя Ревазовна |
|
| 801 | 0 |
_aRU _bNLR _gpsbo |
|
| 801 | 1 |
_aRU _bELAR _2rusmarc |
|
| 852 |
_aNLR _j90-3/7164 |
||
| 942 | _cBOOK | ||
| 980 | _aNB | ||